000
00309nam a2200133Ia 4500
008
230917s9999||||xx |||||||||||||| ||und||
040
_e
159432
_a
MAIN
041
_a
English
082
_a
181.4 S69S
100
_a
Sapda, Suman
245
0
_a
Shadadarshan mein moksha ka swarup
300
_a
86 p.
942
_c
TH
999
_c
49848
_d
49848